[Event "Büsum"]
[Site "Büsum"]
[Date "2013.10.01"]
[Round "4.28"]
[White "Van Houten, Henk"]
[Black "Wittkugel, Friedhelm"]
[Result "0-1"]
[WhiteElo "1777"]
[BlackElo "1937"]
[PlyCount "98"]
[EventDate "2013.??.??"]
[WhiteTeam "Schachclub Gronau 1920 e.V."]
[BlackTeam "Schachverein Kamen 1930"]

1. b3 e5 2. Bb2 Nc6 3. a3 d5 4. e3 a6 5. d3 Nf6 6. Nd2 Be6 7. g3 Qd7 8. Ndf3
Bd6 9. Ng5 Bf5 10. f3 h6 11. N5h3 Qe7 12. e4 dxe4 13. dxe4 Be6 14. Nf2 Rd8 15.
Nd3 Bc8 16. Bh3 Bxh3 17. Nxh3 Qe6 18. Nhf2 Bc5 19. O-O Bb6 20. Kg2 O-O 21. c3
Na5 22. c4 Nc6 23. Qc2 Bd4 24. Rad1 b6 25. f4 exf4 26. Nxf4 Qe5 27. Bxd4 Nxd4
28. Qc3 c5 29. Nd5 Nd7 30. Rde1 Nc6 31. Qd2 Qd4 32. Qf4 Qe5 33. Qh4 Qg5 34.
Qxg5 hxg5 35. Ng4 f6 36. Nc7 Rf7 37. Rd1 Nd4 38. b4 Nb8 39. Nd5 Nd7 40. Rf2 Re8
41. Nc3 Kh7 42. Ne3 Ne5 43. bxc5 bxc5 44. Na4 Nec6 45. Rdd2 Rb7 46. Rb2 Rxb2
47. Nxb2 Rb8 48. Rd2 Rb3 49. Kf2 Rxa3 0-1

[Event "Büsum"]
[Site "Büsum"]
[Date "2013.10.01"]
[Round "4.29"]
[White "Eberhardt, Michael"]
[Black "Nickel, Jürgen"]
[Result "0-1"]
[WhiteElo "1724"]
[BlackElo "1929"]
[PlyCount "112"]
[EventDate "2013.??.??"]
[WhiteTeam "SC Agon Neumünster"]
[BlackTeam "Flensburger SK von 1876"]

1. d4 d6 2. e4 c6 3. f4 Qc7 4. Nf3 Bg4 5. h3 Bxf3 6. Qxf3 e5 7. fxe5 dxe5 8.
dxe5 Qxe5 9. Bc4 Nf6 10. Nc3 Bd6 11. Be3 Qg3+ 12. Bf2 Qf4 13. Rf1 O-O 14. Qxf4
Bxf4 15. Bd4 Bg3+ 16. Ke2 Nbd7 17. Rf5 Rae8 18. Raf1 Be5 19. Bxe5 Rxe5 20. Rxe5
Nxe5 21. Bb3 b5 22. Ke3 a5 23. a4 b4 24. Ne2 c5 25. c3 c4 26. Bc2 b3 27. Bb1
Rd8 28. Nd4 Nfd7 29. Rf5 f6 30. Nf3 Re8 31. Nxe5 fxe5 32. Rf2 Nc5 33. Rd2 Nxa4
34. Rd5 Nxb2 35. Rxa5 Rd8 36. Rd5 Rxd5 37. exd5 Na4 38. Kd2 g6 39. d6 Kf7 40.
Be4 Ke6 41. Bd5+ Kxd6 42. Bxc4 Nc5 43. Bg8 h6 44. Bh7 g5 45. c4 e4 46. Bg6 Ke5
47. Bh5 Kd4 48. Be2 e3+ 49. Kc1 Kc3 50. Bd1 Ne4 51. Bxb3 Kxb3 52. Kd1 Kxc4 53.
Ke2 Kd4 54. g4 Nc3+ 55. Ke1 Kd3 56. Kf1 Kd2 0-1

[Event "Büsum"]
[Site "Büsum"]
[Date "2013.10.01"]
[Round "4.30"]
[White "Gehrmann, Dorit"]
[Black "Kühnen, Gerhard"]
[Result "1-0"]
[WhiteElo "1927"]
[BlackElo "1665"]
[PlyCount "59"]
[EventDate "2013.??.??"]
[WhiteTeam "SV Eutin von 1875"]
[BlackTeam "Flensburger SK von 1876"]

1. e4 e5 2. d4 d6 3. dxe5 dxe5 4. Qxd8+ Kxd8 5. Nc3 Bb4 6. Bd2 Be6 7. O-O-O Nd7
8. Nf3 f6 9. h3 Ne7 10. Ne1 c6 11. Nd3 Bxc3 12. Bxc3 Ke8 13. f4 exf4 14. Nxf4
Bf7 15. Be2 a5 16. a3 b5 17. Bg4 Nc5 18. Rhe1 h5 19. Bf3 g5 20. Bxf6 Rg8 21.
Nxh5 Bg6 22. Bxg5 Kf7 23. h4 b4 24. Nf4 bxa3 25. bxa3 Rab8 26. Nxg6 Nxg6 27. e5
Na4 28. Rd7+ Ke8 29. Bxc6 Nc3 30. Rb7+ 1-0

[Event "Büsum"]
[Site "Büsum"]
[Date "2013.10.01"]
[Round "4.31"]
[White "Bangert, Rüdiger"]
[Black "Micheel, Peter"]
[Result "1/2-1/2"]
[WhiteElo "1638"]
[BlackElo "1926"]
[PlyCount "52"]
[EventDate "2013.??.??"]
[BlackTeam "SSC Graal-Müritz"]

1. d4 Nf6 2. c4 e5 3. d5 Bc5 4. e3 d6 5. Nc3 Bf5 6. Nge2 O-O 7. a3 Re8 8. Ng3
Bg6 9. Be2 e4 10. h4 h6 11. Qc2 a5 12. h5 Bh7 13. Bd2 Nbd7 14. Rh4 Nxd5 15.
Nxd5 Qxh4 16. Nxc7 Rac8 17. Nxe8 Rxe8 18. O-O-O Qf6 19. Rf1 Qe5 20. Bxa5 Bxe3+
21. Bd2 Bxd2+ 22. Qxd2 Nc5 23. Qe3 Na4 24. Qb3 Nc5 25. Qe3 Na4 26. Qb3 Nc5
1/2-1/2

[Event "Büsum"]
[Site "Büsum"]
[Date "2013.10.01"]
[Round "4.32"]
[White "Zimmermann, Manfred"]
[Black "Freihube, Manfred"]
[Result "1-0"]
[WhiteElo "1925"]
[BlackElo "1521"]
[Annotator ",Microsoft"]
[PlyCount "46"]
[EventDate "2013.??.??"]
[WhiteTeam "Kieler SG von 1884 / Meerbauer"]
[BlackTeam "SC Schwarz-Weiß Lichtenrade e.V."]

1. d4 d5 2. c4 e6 3. Nf3 Nf6 4. Nc3 Be7 5. e3 b6 6. cxd5 exd5 7. Bd3 Bg4 8. h3
Bh5 9. Qa4+ Nbd7 10. Ne5 O-O 11. Nxd7 Qxd7 12. Qxd7 Nxd7 13. Nxd5 Bd6 14. Nc3
c5 15. Nb5 Be7 16. Be4 Rad8 17. O-O Be2 18. Nxa7 Bxf1 19. Kxf1 Nf6 20. Bf3 cxd4
21. Nc6 Rd7 22. Nxd4 Bc5 23. Nc2 Rfd8 {Rest nicht rekonstruierbar} 1-0

[Event "Büsum"]
[Site "Büsum"]
[Date "2013.10.01"]
[Round "4.33"]
[White "Fanenbruck, Günter"]
[Black "Ritter, Klaus"]
[Result "1/2-1/2"]
[WhiteElo "1879"]
[BlackElo "1277"]
[PlyCount "51"]
[EventDate "2013.??.??"]
[WhiteTeam "SV Bad Schwartau von 1930"]
[BlackTeam "SV Büsum"]

1. e4 e5 2. Nf3 d6 3. d4 Nd7 4. Bc4 h6 5. O-O Ngf6 6. dxe5 dxe5 7. Nxe5 Nxe5 8.
Qxd8+ Kxd8 9. Bb3 Ke7 10. Bf4 Nc6 11. Bxc7 Be6 12. Bxe6 Kxe6 13. c3 Rc8 14. Bf4
g5 15. Bc1 Bc5 16. b4 Bb6 17. Bb2 Rhd8 18. Na3 Rd2 19. Nc4 Re2 20. Nxb6 axb6
21. Ba3 Nxe4 22. Rae1 Rxe1 23. Rxe1 Kd5 24. c4+ Kd4 25. Bb2+ Kd3 26. Re3+
1/2-1/2

[Event "Büsum"]
[Site "Büsum"]
[Date "2013.10.01"]
[Round "4.35"]
[White "Aufmwasser, Günter"]
[Black "Jung, Prof.Michael"]
[Result "0-1"]
[WhiteElo "1745"]
[BlackElo "1820"]
[Annotator ",Microsoft"]
[PlyCount "103"]
[EventDate "2013.??.??"]
[WhiteTeam "Schachverein 1922 Hilden"]
[BlackTeam "SV Osnabrück"]

1. f4 d5 2. Nf3 c5 3. e3 Nc6 4. b3 Nf6 5. Bb2 Bf5 6. Bb5 Bd7 7. O-O a6 8. Bxc6
Bxc6 9. d3 g6 10. Nbd2 Bg7 11. Ne5 O-O 12. Rb1 Qd6 13. Qe1 Rac8 14. c4 e6 15.
Ndf3 Rfd8 16. Qh4 Qe7 17. Ng4 d4 18. e4 Rc7 19. Nge5 Be8 20. Bc1 Nh5 21. Qxe7
Rxe7 22. g4 Nf6 23. Ba3 Rc7 24. Nh4 Nd7 25. Nxd7 Bxd7 26. e5 b5 27. g5 b4 28.
Bc1 a5 29. Nf3 a4 30. Nd2 axb3 31. axb3 Ra8 32. Ne4 Bf8 33. Nf6+ Kg7 34. Nxd7
Rxd7 35. Rf2 Rda7 36. Rfb2 Kg8 37. Kf2 h6 38. h4 hxg5 39. hxg5 Bg7 40. Kg2 Kf8
41. Kf3 Ke7 42. Kg3 Rh8 43. Rh2 Rha8 44. Rhb2 Ra1 45. Kf3 R8a2 46. Rxa2 Rxa2
47. Rb2 Ra1 48. Bd2 Rf1+ 49. Ke2 Rh1 50. Kf2 Rh2+ 51. Ke1 Bf8 52. Ra2 {Rest
nicht rekonstruierbar} 0-1

[Event "Büsum"]
[Site "Büsum"]
[Date "2013.10.01"]
[Round "4.36"]
[White "Gottschalk, Jürgen"]
[Black "Hilbig, Klaus"]
[Result "0-1"]
[WhiteElo "1629"]
[BlackElo "1759"]
[PlyCount "58"]
[EventDate "2013.??.??"]
[WhiteTeam "SV Blau-Weiß 69 Parchim"]
[BlackTeam "Ahrensburger TSV"]

1. e4 e6 2. d4 d5 3. Nc3 Nf6 4. e5 Nfd7 5. f4 c5 6. Nf3 a6 7. a4 Nc6 8. Be2
cxd4 9. Nxd4 Nxd4 10. Qxd4 Bc5 11. Qd3 Qb6 12. Nd1 O-O 13. c3 f6 14. b4 Be7 15.
Be3 Qc7 16. exf6 Nxf6 17. O-O Ne4 18. g3 Bd7 19. Bf3 Bc6 20. Bxe4 dxe4 21. Qc2
Rad8 22. Nf2 Bd5 23. Rac1 Qc4 24. Ng4 Bd6 25. Rfd1 Qb3 26. c4 Qxc2 27. Rxc2 Bc6
28. b5 Be8 29. Bc5 Bxc5+ 0-1

[Event "Büsum"]
[Site "Büsum"]
[Date "2013.10.01"]
[Round "4.37"]
[White "Möller, Dr.Peter"]
[Black "Linz, Stefan"]
[Result "1/2-1/2"]
[WhiteElo "1678"]
[BlackElo "1736"]
[Annotator ",Microsoft"]
[PlyCount "54"]
[EventDate "2013.??.??"]
[WhiteTeam "SC Mecklenburger Springer"]
[BlackTeam "SC 1971 Bad Marienberg  e. V."]

1. d4 g6 2. c4 Bg7 3. Nc3 d6 4. e4 Nf6 5. Nf3 O-O 6. Bd3 a6 7. Bg5 Nc6 8. a3
Bg4 9. Be2 Rb8 10. Rc1 Bc8 11. O-O b6 12. b4 Na7 13. d5 Qe8 14. Be3 Ng4 15. Bg5
f6 16. Bd2 c5 17. b5 axb5 18. cxb5 Bd7 19. a4 Ra8 20. Bc4 f5 21. exf5 Bxf5 22.
h3 Nf6 23. Re1 Nc8 24. Bg5 Kh8 25. Qe2 Ra7 26. Nh4 Ng8 27. Bb3 Qf7 {Rest nicht
rekonstruierbar} 1/2-1/2

[Event "Büsum"]
[Site "Büsum"]
[Date "2013.10.01"]
[Round "4.38"]
[White "Schumacher, Ursula"]
[Black "Wiebke, Elfriede"]
[Result "1/2-1/2"]
[WhiteElo "1637"]
[BlackElo "1377"]
[PlyCount "62"]
[EventDate "2013.??.??"]
[WhiteTeam "HTC Bad Neuenahr"]
[BlackTeam "Verein Segeberger SF"]

1. c4 Nf6 2. Nc3 c5 3. Nf3 d6 4. g3 Bg4 5. Bg2 Nc6 6. e3 e6 7. O-O Be7 8. a3
O-O 9. Qc2 h6 10. Ne1 Bf5 11. d3 e5 12. Qa4 Bd7 13. Qd1 a6 14. f3 Be6 15. b3
Nd7 16. f4 exf4 17. exf4 Bf6 18. Bb2 Bd4+ 19. Kh1 Rb8 20. Rb1 Nf6 21. f5 Bd7
22. Ne2 Bxb2 23. Rxb2 Ne5 24. d4 Neg4 25. Qd3 cxd4 26. Nxd4 Ne5 27. Qb1 Neg4
28. Re2 Re8 29. Qd3 Ne5 30. Qd2 Bc6 31. Bxc6 bxc6 1/2-1/2

[Event "Büsum"]
[Site "Büsum"]
[Date "2013.10.01"]
[Round "4.39"]
[White "Geibel, Henning"]
[Black "Vierling, Paul"]
[Result "1-0"]
[WhiteElo "1530"]
[BlackElo "1574"]
[PlyCount "57"]
[EventDate "2013.??.??"]
[WhiteTeam "SV Bargteheide"]
[BlackTeam "Fehntjer SK"]

1. e4 e5 2. Nf3 Nf6 3. Nc3 Nc6 4. Bc4 h6 5. O-O d6 6. h3 Qe7 7. d3 Be6 8. Bxe6
Qxe6 9. Nb5 Qd7 10. c4 a6 11. Nc3 Be7 12. Be3 Nd8 13. b4 c6 14. Na4 Qe6 15. c5
d5 16. exd5 Nxd5 17. Qd2 O-O 18. Rfe1 Nxe3 19. Rxe3 Bf6 20. Rae1 Re8 21. d4 Qd7
22. Nb6 Qf5 23. Nxa8 Ne6 24. dxe5 Bg5 25. Nxg5 Rxa8 26. Nxe6 fxe6 27. Rf3 Qh7
28. Qd7 Rf8 29. Qxe6+ 1-0